000 00389nam a22001457a 4500
999 _c6870
_d6868
005 20210902131056.0
008 200606b xxu||||| |||| 00| 0 eng d
082 _a345.4
110 _aALL INDIA REPORTER
_96853
245 _aALL INDIA REPORTER 2006 (V-93) SUPREME COURT SECTION (1st)
260 _aMUMBAI
_bALL INDIA REPORTER
300 _a1248;p
650 _aLAW
_95701
942 _cJRL